|
|
|
|
| LEADER |
01670nam a2200445 4500 |
| 001 |
ocn867808021 |
| 003 |
OCoLC |
| 005 |
20180501122015.0 |
| 006 |
m o d |
| 007 |
cr mnu---uuaaa |
| 008 |
140107s2013 caua oab 001 0 eng |
| 040 |
|
|
|a AU@
|b eng
|e rda
|e pn
|c AU@
|d IDEBK
|d OCLCO
|d UIU
|d TEF
|d OCLCQ
|d CDX
|d OCLCQ
|d OCLCF
|d OCLCQ
|d OCL
|d GrThAP
|
| 019 |
|
|
|a 876343911
|
| 020 |
|
|
|a 9780124199743
|
| 020 |
|
|
|a 0124199747
|
| 020 |
|
|
|a 0124199941
|q (electronic bk.)
|
| 020 |
|
|
|a 9780124199941
|q (electronic bk.)
|
| 020 |
|
|
|a 9781306280075
|q (MyiLibrary)
|
| 020 |
|
|
|a 1306280079
|q (MyiLibrary)
|
| 035 |
|
|
|a (OCoLC)867808021
|z (OCoLC)876343911
|
| 050 |
|
4 |
|a QD505
|b .C383 2014eb
|
| 082 |
0 |
4 |
|a 541.395
|2 23
|
| 049 |
|
|
|a TEFA
|
| 245 |
0 |
0 |
|a Catalysis and kinetics :
|b molecular level consideration /
|c edited by Guy B. Marin.
|
| 260 |
|
|
|a San Diego :
|b Academic Press,
|c Ã2014.
|
| 300 |
|
|
|a 1 online resource (xii, 2-241 pages) :
|b illustrations.
|
| 336 |
|
|
|a text
|b txt
|2 rdacontent
|
| 337 |
|
|
|a computer
|b c
|2 rdamedia
|
| 338 |
|
|
|a online resource
|b cr
|2 rdacarrier
|
| 490 |
1 |
|
|a Advances in chemical engineering, 0065-2377 ;
|v v. 44
|
| 500 |
|
|
|a Title from PDF title page (ACS publications, viewed November 22, 2013).
|
| 504 |
|
|
|a Includes bibliographical references and index.
|
| 650 |
|
0 |
|a Catalysis.
|
| 650 |
|
0 |
|a Kinetics.
|
| 650 |
|
7 |
|a Catalysis.
|2 fast
|0 (OCoLC)fst00848867
|
| 655 |
|
4 |
|a Electronic books.
|
| 700 |
1 |
|
|a Marin, Guy B.,
|e editor.
|
| 776 |
0 |
8 |
|i Print version:
|z 9781306280075
|
| 830 |
|
0 |
|a Advances in chemical engineering ;
|v v. 44.
|
| 856 |
4 |
0 |
|u https://www.sciencedirect.com/science/bookseries/00652377/44
|z Full Text via HEAL-Link
|